| 000 | 00385nam a2200145Ia 4500 | ||
|---|---|---|---|
| 008 | 240624s9999 xx 000 0 und d | ||
| 041 | _aeng | ||
| 082 | _a658.4022 WHE | ||
| 100 | _aWHEELAN SUSAN A | ||
| 245 | _aCREATING EFFECTIVE TEAMS A GUIDE FOR MEM | ||
| 250 | _a(3rd ed.) | ||
| 260 |
_c2010 _aNew Delhi _bSage Publications India Pvt Ltd |
||
| 300 | _a160 : p. | ||
| 365 |
_cRS _b35 |
||
| 999 |
_c17435 _d17435 |
||